Jojo's Bizarre Adventure - Fashion - Statistics

General Stats
  • This quiz has been taken 82 times
  • The average score is 7 of 12
Answer Stats
Picture Answer % Correct
Diavolo
97%
Yoshikage Kira
90%
Rudol Von Stroheim
73%
Foo Fighters
68%
Dio Brando
66%
Kars
56%
Leone Abbacchio
53%
Narancia Ghirga
53%
Muhammad Avdol
50%
Akira Otoishi
48%
Lisa Lisa
40%
Vinegar Doppio
31%
No matching quizzes found
Score Distribution
Percent of People with Each Score
Percentile by Number Answered
Your Score History
You have not taken this quiz